000 00729nam a2200205Ia 4500
003 GCL
008 140319s9999 xx 000 0 ara d
040 _aGCL /
_cGCL
082 0 4 _a791.430962
_bم ا
100 1 _aمجدى فريد
245 1 0 _aاشتراكية السينما فى بلدى :
_bموجز انتقادى ايجابى عن مشكلة السينما فى مصر /
_cمجدى فريد
260 _aالقاهرة :
_bدار نشر الثقافة ،
_c1956
300 _a105 ص ؛
_c19 سم
650 0 4 _aالسينما
650 0 4 _aالاخراج السينمائى
650 0 4 _aالانتاج السينمائى
650 0 4 _aالسينما - نقد
650 0 4 _aالسينما - مصر
942 _2ddc
_cBK
999 _c297
_d297